000 01270nam a22003017a 4500
003 BD-DhSAU
005 20200108115651.0
008 160718b2018 bg ||||| |||| 001 0 eng d
040 _aBD-DhSAU
082 _222
_a581.35
_bR447
100 _a Rifat , Md. Mashrur Hossain
_eRegistration # 11-04459
245 _aCharacter association and Path analysis based on Morphogenic traits in Onion (Allium cepa L.) Genotypes /
_bMS thesis
_cMd. Mashrur Hossain Rifat
260 _aSher-e-Bangla Agricultural University:
_bDepartment of Genetics and Plant Breeding,
_c2018
300 _ax, 69 p. :
_bill. ;
_c30 cm.
500 _aMS thesis , Department of Genetics and Plant Breeding, Faculty of Agriculture, Sher-e-Bangla Agricultural University, Dhaka, Bangladesh
504 _aIncludes Bibliographical Reference
590 _aShofi
650 _aGenetics and Plant Breeding
_v.
650 _a Path analysis
650 _aCharacter association
650 _aMorphogenic traits
650 _a Onion (Allium cepa L.)
650 _aGenotype
700 _aIslam , Mohammad Saiful
_eSupervisor
700 _aZeba , Naheed
_eCo-Supervisor
856 _uhttp://archive.saulibrary.edu.bd:8080/xmlui/handle/123456789/2878
_yOnline Access
942 _2ddc
_cTHESIS
999 _c14802
_d14801